000
00330nam a2200145Ia 4500
003
OSt
005
20240106114424.0
008
170523s9999 xx 000 0 und d
020
_a
1403993629
040
_c
iimt university meerut
100
_a
LASSERRS
245
0
_a
GLOBAL STRATEGIC MANAGEMENT
260
_b
PHI
942
_2
ddc
_c
02
999
_c
1871
_d
1871